Marketingové stratégie vstupov na zahraničné trhy
Rozhodovacia základňa vstupu na zahraničné trhy. Využitie teórie marketingových stratégií vstupu na zahraničné trhy v praxi. Podnikanie v Číne a jeho riziká.
Salvato in:
| Autore principale: | |
|---|---|
| Natura: | Capitolo di libro |
| Lingua: | slovacco |
| Soggetti: | |
| Tags: |
Nessun Tag, puoi essere il primo ad aggiungerne!!
|
MARC
| LEADER | 00000nla$a2200000$$$4500 | ||
|---|---|---|---|
| 001 | 0112479 | ||
| 005 | 20240502072240.7 | ||
| 041 | 0 | |a slo | |
| 044 | |a SK | ||
| 245 | 1 | 0 | |a Marketingové stratégie vstupov na zahraničné trhy |c Nikoleta Benciová |
| 520 | |a Rozhodovacia základňa vstupu na zahraničné trhy. Využitie teórie marketingových stratégií vstupu na zahraničné trhy v praxi. Podnikanie v Číne a jeho riziká. | ||
| 610 | 2 | 0 | |a trhy |
| 610 | 2 | 0 | |a globalizácia |
| 610 | 2 | 0 | |a trh zahraničný |
| 610 | 2 | 0 | |a riziko obchodné |
| 610 | 2 | 0 | |a stratégia marketingová |
| 100 | 1 | |a Benciová, Nikoleta | |